Greek words quiz - Statistics

General Stats
  • This quiz has been taken 157 times
  • The average score is 10 of 15
Answer Stats
Hint Answer % Correct
Καλός Good
89%
Καλημέρα Good morning
83%
Θεός God
77%
Ήλιος Sun
77%
Καλησπέρα Good evening
73%
Θάλασσα Sea
71%
Κακός Bad
70%
Θέατρο Theater
64%
Σκύλος Dog
62%
Γεια Hi
61%
Όμορφη Beautiful
59%
Βάρκα Boat
55%
Κρασί Wine
54%
Όμορφος Handsome
48%
Δάσος Forest
46%
No matching quizzes found
Score Distribution
Percent of People with Each Score
Percentile by Number Answered
Your Score History
You have not taken this quiz